| 000 | 01070nam a2200301Ia 4500 | ||
|---|---|---|---|
| 001 | Para_8686 | ||
| 003 | CHAP | ||
| 008 | 220125s2002 xx 000 0 und d | ||
| 010 | _a207497 | ||
| 040 | _cCHAP | ||
| 090 | _aPA TESIS 1690 | ||
| 100 |
_aGalván Nolasco, Laura _944528 |
||
| 245 |
_aRevisión bibliográfica sobre el uso de portainjertos resistentes a nemátodos en vid (Vitis vinifera L.) / _c por Laura Galván Nolasco |
||
| 260 |
_aChapingo, Méx. : _b el autor |
||
| 300 | _a63 h. | ||
| 502 | _aTesis (Ing. Agr. Esp. en Parasitología Agrícola) -- UACh. Departamento Parasitología Agrícola | ||
| 650 |
_aNemátodos parásitos de plantas _x control _9169574 |
||
| 650 |
_aVid _x enfermedades por nemátodos _9171251 |
||
| 650 |
_aVid _x variedades resistentes a plagas _9174093 |
||
| 710 |
_aUACh. Departamento Parasitología Agrícola _9164025 |
||
| 901 | _aPA TESIS 1690 | ||
| 902 | _aA | ||
| 905 | _a0000002002 0000000000 00 | ||
| 910 | _a2002 | ||
| 942 | _cPARA | ||
| 942 |
_cPARA _d1 |
||
| 999 |
_c207497 _d207497 |
||